=LDR 00000nam 2200000 4500 =001 INLIS000000000023991 =005 20200207073153 =035 ##$$a 0010-061300000023991 =008 200207################g##########0#ind## =041 ##$$a Ind =082 ##$$a 070.41 =090 ##$$a 070.41, Gab d =100 ##$$a Gaban. Farid =245 1#$$a Dor ! Sarajevo : $b Sebuah rekaman jurnalistik nestapa muslim Bosnia /$c Farid Gaban =260 ##$$a Bandung :$b Mizan,$c 1993 =300 ##$$a 128 hlm, ; $c 18 x 12 cm. =650 #4$$a Rekaman kejadian muslim Bosnia =850 ##$$a NBPNMAT =084 ##$$a 070.41 GAB d =700 #$$a Zaim Uchrowi =990 ##$$a 2090101389/BPAP-NTB/2015 =990 ##$$a 81.056/Pro-95 =990 ##$$a 81.058/Pro-95 =990 ##$$a 62.008/Pro-93 =990 ##$$a 62.101/Pro-93